Japanese Vocab (various) - Statistics

General Stats
  • This quiz has been taken 18 times
    11 since last reset
  • The average score is 11 of 33
Answer Stats
Hint Answer % Correct
Monday Getsuyoubi
67%
Tree Ki
67%
Part-time job Arubaito
33%
Clothes (general) Fuku
33%
Afternoon Gogo
33%
Wall/fence Hei
33%
Airplane Hikouki
33%
Bookshelf Hondana
33%
Japanese art of flower arrangement Ikebana
33%
Wall (like inside a house) Kabe
33%
Stairs Kaidan
33%
Yeserday Kinou
33%
Language/word Kotoba
33%
Factory Koujou
33%
Cloud Kumo
33%
Empty seat Kuuseki
33%
Fountain pen Man nen hitsu
33%
Thursday Mokuyoubi
33%
Sound/noise Oto
33%
Adult Otona
33%
Overseas student Ryuu gakusei
33%
Wallet/purse Saifu
33%
Photo Shashin
33%
Newspaper Shinbun
33%
Wednesday Suiyoubi
33%
Several animals (small) Suuhiki
33%
Several flat objects Suu mai
33%
Several books Suu satsu
33%
Desk Tsukue
33%
Rest (noun) Yasumi
33%
Clothes (Western) Youfuku
33%
Society/community Shakai
0%
Small quantity/something Sukoshi
0%
No matching quizzes found
Score Distribution
Percent of People with Each Score
Percentile by Number Answered
Your Score History
You have not taken this quiz since the last reset